| 000 | 00377nam a2200169Ia 4500 | ||
|---|---|---|---|
| 100 | _aGarde/R.J | ||
| 650 | _aFluid Mechanics | ||
| 942 | _cBK | ||
| 366 | _f20 | ||
| 654 | _afluid mechanics | ||
| 245 | _aFluid Mechanics through Problems | ||
| 260 |
_bNew Age Int (P) Ltd _aMumbai _c2006 |
||
| 082 |
_a532/GAR _bGAR |
||
| 300 | _a632 | ||
| 546 | _aENGLISH | ||
| 999 |
_c28542 _d28542 |
||